Kluby, które wygrały Ekstraklasę - Statystyki

Ogólne statystyki
  • Ten quiz został rozwiązany 522 razy
  • Średni wynik to 72 z 96
Statystyki odpowiedzi
Hint Odpowiedź % Poprawnych
1955 Legia Warszawa
99%
1956 Legia Warszawa
99%
1969 Legia Warszawa
99%
1970 Legia Warszawa
99%
1994 Legia Warszawa
99%
1995 Legia Warszawa
99%
2002 Legia Warszawa
99%
2006 Legia Warszawa
99%
2013 Legia Warszawa
99%
2014 Legia Warszawa
99%
2016 Legia Warszawa
99%
2017 Legia Warszawa
99%
2018 Legia Warszawa
99%
2020 Legia Warszawa
99%
2021 Legia Warszawa
99%
1983 Lech Poznań
98%
1984 Lech Poznań
98%
1990 Lech Poznań
98%
1992 Lech Poznań
98%
1993 Lech Poznań
98%
2010 Lech Poznań
98%
2015 Lech Poznań
98%
2022 Lech Poznań
98%
1927 Wisła Kraków
88%
1928 Wisła Kraków
88%
1949 Wisła Kraków
88%
1950 Wisła Kraków
88%
1951 Wisła Kraków
88%
1978 Wisła Kraków
88%
1999 Wisła Kraków
88%
2001 Wisła Kraków
88%
2003 Wisła Kraków
88%
2004 Wisła Kraków
88%
2005 Wisła Kraków
88%
2008 Wisła Kraków
88%
2009 Wisła Kraków
88%
2011 Wisła Kraków
88%
1957 Górnik Zabrze
80%
1959 Górnik Zabrze
80%
1961 Górnik Zabrze
80%
1963 Górnik Zabrze
80%
1964 Górnik Zabrze
80%
1965 Górnik Zabrze
80%
1966 Górnik Zabrze
80%
1967 Górnik Zabrze
80%
1971 Górnik Zabrze
80%
1972 Górnik Zabrze
80%
1985 Górnik Zabrze
80%
1986 Górnik Zabrze
80%
1987 Górnik Zabrze
80%
1988 Górnik Zabrze
80%
1930 Cracovia
77%
1932 Cracovia
77%
1937 Cracovia
77%
1948 Cracovia
77%
1977 Śląsk Wrocław
77%
2012 Śląsk Wrocław
77%
1933 Ruch Chorzów
75%
1934 Ruch Chorzów
75%
1935 Ruch Chorzów
75%
1936 Ruch Chorzów
75%
1938 Ruch Chorzów
75%
1939 Ruch Chorzów
75%
1952 Ruch Chorzów
75%
1953 Ruch Chorzów
75%
1960 Ruch Chorzów
75%
1968 Ruch Chorzów
75%
1974 Ruch Chorzów
75%
1975 Ruch Chorzów
75%
1979 Ruch Chorzów
75%
1989 Ruch Chorzów
75%
2019 Piast Gliwice
71%
1981 Widzew Łódź
71%
1982 Widzew Łódź
71%
1996 Widzew Łódź
71%
1997 Widzew Łódź
71%
1946 Polonia Warszawa
69%
2000 Polonia Warszawa
69%
1958 ŁKS Łódź
63%
1998 ŁKS Łódź
63%
1991 Zagłębie Lubin
60%
2007 Zagłębie Lubin
60%
1929 Warta Poznań
48%
1947 Warta Poznań
48%
1973 Stal Mielec
46%
1976 Stal Mielec
46%
1954 Polonia Bytom
44%
1962 Polonia Bytom
44%
1980 Szombierki Bytom
27%
1931 Garbarnia Kraków
22%
1940 Rozgrywki Niedokończone
3%
1941 Rozgrywki Niedokończone
3%
1942 Rozgrywki Niedokończone
3%
1943 Rozgrywki Niedokończone
3%
1944 Rozgrywki Niedokończone
3%
1945 Rozgrywki Niedokończone
3%
Nie znaleziono quizów pasujących do podanych kryteriów
Rozkład punktacji
Procent ludzi z każdym wynikiem
Percentyl według liczby udzielonych odpowiedzi
Twoja historia wyników
Nie rozwiązałeś tego quizu